| 000 | 00492nam a2200145Ia 4500 | ||
|---|---|---|---|
| 008 | 231129s2015||||xx |||||||||||||| ||spa|| | ||
| 020 | _a978-958-762-445-8 | ||
| 040 | _bspa | ||
| 082 | _a658.4083 Q7r | ||
| 100 | _aQuiñónez Rizo Edgar | ||
| 245 | 0 | _aResponsabilidad ambiental empresarial: Creando valor desde los departamentos de gestión ambiental | |
| 260 | _c2015 | ||
| 264 | _aBogotá Colombia : Ecoconsulta : Ediciones de la U | ||
| 942 |
_2ddc _cBKS |
||
| 999 |
_c24026 _d24026 |
||